00762nam a22002051i 4500001000700000003000900007005001700016008004100033080001200074100002600086245010500112260005500217300002100272490006000293500002700353650002500380710003600405830005700441852005800498179600ES-MaACL20250730024614.0111226s1909 sp |||| | spa d a616.9721 aLecha-Marzo, Antonio.13aLa sífilis en la descendencia b: higiene de los heredo-sifilíticos / cpor Antonio Lecha-Marzo. aMadrid : bSociedad Española de Higiene, c1909. a31 p. ; c21 cm.1 aLegado Roel: Colección de Memorias Premiadas ; vn. 4 aConcurso de 1907-1908. 4aSífilis congenita.2 aSociedad Española de Higiene.00aLegado Roel: Colección de memorias premiadasvn. 4 aES-MaACLjC-8171(3) z.- Encuadernado con otras obras